000 00351 a2200157 4500
001 57535
020 _a8502054910
040 _cAnchieta - Pituba
100 _aRegino, Maria
240 1 0 _aMuito além da imaginação
_lpor
245 1 0 _aMuito além da imaginação
300 _a78
362 0 _a2006
650 4 _aLiteratura juvenil
942 _cBK
999 _c57535
_d57535